भारत के राष्टीय उद्यान/ (Record no. 200765)

MARC details
000 -LEADER
fixed length control field 00907nam a22001817a 4500
005 - DATE AND TIME OF LATEST TRANSACTION
control field 20240215120929.0
010 ## - LCCN (DPL NO)
LC control number HIN-126891
020 ## - INTERNATIONAL STANDARD BOOK NUMBER
International Standard Book Number 9789354092459
Terms of availability 215.00
035 ## - SYSTEM CONTROL NUMBER
System control number HN-99237
037 ## - SOURCE OF ACQUISITION
Source of stock number/acquisition DBAD/PUB
082 ## - DEWEY DECIMAL CLASSIFICATION NUMBER
Classification number 590.744
100 ## - MAIN ENTRY--PERSONAL NAME
Personal name बिष्ट,राजेंद्र सिंह
245 ## - TITLE STATEMENT
Title भारत के राष्टीय उद्यान/
Remainder of title राजेंद्र सिंह बिष्ट
260 ## - PUBLICATION, DISTRIBUTION, ETC. (IMPRINT)
Place of publication, distribution, etc नई दिल्ली
Name of publisher, distributor, etc प्रकाशन विभाग सूचना एवं प्रसारण मंत्रालय भारत सरकार
Date of publication, distribution, etc 2021
270 ## - ADDRESS
Address सी जी ओ काम्प्लेक्स लोधी रोड
City नई दिल्ली
Postal code 110003
300 ## - PHYSICAL DESCRIPTION
Extent 261 पृष्ठ;
Dimensions 22 सेमी (अजिल्द)
942 ## - ADDED ENTRY ELEMENTS (KOHA)
Item type Hindi Books
Source of classification or shelving scheme Dewey Decimal Classification
Classification part 590.744
Call number suffix बिष्टरा
Holdings
Withdrawn status Lost status Not for loan Collection code Home library Current library Date acquired Source of acquisition Cost, normal purchase price Full call number Barcode Copy number Cost, replacement price Koha item type
      Non-fiction Sarojini Nagar Sarojini Nagar 15/02/2024 DBAD/PUB 215.00 590.744 बिष्टरा HN-99237 1 215.00 Hindi Books

© Delhi Public Library
Hit Counter
free hit counter